| 000 | 00442nam a2200169 a 4500 | ||
|---|---|---|---|
| 005 | 20140310183201.0 | ||
| 008 | 021217s19uu xx 00 eng d | ||
| 020 | _a0373980108 | ||
| 050 |
_aPR 9619.3.W5 _b.D647 1987 |
||
| 100 | _aDodson, Susan | ||
| 245 |
_aThe Eye of the Storm. / _cSusan Dodson. |
||
| 260 |
_aNew York ; _bCrosswinds, _c1987. |
||
| 300 |
_a155 p. : _c17 cm. |
||
| 650 | _aFiction. | ||
| 942 |
_cBK _2lcc |
||
| 999 |
_c19872 _d19872 |
||